Normal view
MARC view
Entry Personal Name
001 - CONTROL NUMBER
- control field: 8538
003 - CONTROL NUMBER IDENTIFIER
- control field: ARRUPE
005 - DATE AND TIME OF LATEST TRANSACTION
- control field: 20140207135329.0
008 - FIXED-LENGTH DATA ELEMENTS
- fixed length control field: 140207|| aca||aabn | a|a d
040 ## - CATALOGING SOURCE
- Original cataloging agency: ARRUPE
- Transcribing agency: ARRUPE
100 ## - HEADING--PERSONAL NAME
- Personal name: Luthuli, A. J.
- Fuller form of name: (Albert John),
- Dates associated with a name: 1898-1967.
670 ## - SOURCE DATA FOUND
- Source citation: Work cat.: (ARRUPE)0: Benson, Mary. 8537, Chief Albert Lutuli of South Africa., 1963.